01395nam a22002057a 45000010005000000030006000050050017000110080041000280400028000690820011000971000028001082450039001362600050001753000042002254900032002675050007002995200837003065210026011437000020011693443FISKH20241211143617.0240306b cb ||||| |||| 00| 0 eng d aFISK beng cFISKdFISK a823.92 aMeres Jonathan d1958-  aMay be recycled / cJonathan Meres aLondon : bThe watts publishing group, c2016 a248 pages : billustrations, c20 cm  3The world of norm abook 11 aM  aThe eleventh hilarious title in the award-winning, laugh-out-loud series, The World of Norm. Perfect for fans of Tom Gates and Diary of a Wimpy Kid. Norm knew it was going to be one of those days when he woke up and nothing happened ... Home alone and the fridge to himself? What could possibly go wrong? Well, apart from the snails. And having to hang his mum's pants out to dry. And the dreaded perfect cousins paying a visit. And worst of all, the entire family going vege-flipping-tarian! But apart from that, what could possibly go wrong? You'd think Norm would know better by now, wouldn't you? ABSO-FLIPPING-LUTELY! With brilliantly funny illustrations throughout from Donough O'Malley. Praise for Jonathan Meres: 'Hilarious stuff from one of my comic heroes!' - Harry Hill 'Jonathan Meres is flipping funny!' - Eddie Izzard 8 aestimates, bLexiles  aJonathan Meres